000
00282nam a2200109Ia 4500
001
1272424
005
20260417151428.0
008
260417s9999 xx 000 0 und d
020
_a
9786255998866
245
0
_a
Baskervillelerin Tazısı
_c
Arthur Conan Doyle
260
_b
Ketebe Genç
999
_c
1272424
_d
1272424